MARC

LEADER 00000nam0a2200000 4500
001 358001
005 20231102011041.0
035 |a (RuTPU)RU\TPU\retro\15269 
090 |a 358001 
100 |a 20200812d1973 k y0rusy50 ca 
101 0 |a rus 
102 |a RU 
105 |a a z 001zy 
200 1 |a Изучение элементарных процессов в низкотемпературной плазме  |e сборник статей  |f Чувашский государственный университет ; отв. ред. А. И. Коротков 
210 |a Чебоксары  |c Чувашский государственный ун-т  |d 1973 
215 |a 79 с.  |c ил. 
320 |a Библиогр. в конце ст. 
606 1 |a Плазма низкотемпературная  |2 stltpush  |3 (RuTPU)RU\TPU\subj\67320  |9 83164 
610 1 |a элементарные процессы 
610 1 |a научные статьи 
610 1 |a газоразрядная плазма 
610 1 |a электролюминесценция 
610 1 |a теория многих частиц 
610 1 |a ориентационные эффекты 
675 |a 533.915  |v 4 
702 1 |a Коротков  |b А. И.  |4 340 
712 0 2 |a Чувашский государственный университет  |c (Чебоксары)  |2 stltpush  |3 (RuTPU)RU\TPU\col\299  |9 23331 
801 1 |a RU  |b 63413507  |c 20200812 
801 2 |a RU  |b 63413507  |c 20210224  |g RCR 
942 |c BK